Unorganised manufacturing enterprises in INDIA: Significance, heterogeneity, performance, and constraints (Record no. 533258)

000 -LEADER
fixed length control field 01224nam a22001337a 4500
008 - FIXED-LENGTH DATA ELEMENTS--GENERAL INFORMATION
fixed length control field 260505b ||||| |||| 00| 0 eng d
100 ## - MAIN ENTRY--PERSONAL NAME
Personal name Natarajan, Rajesh Raj and Sen, Kunal
245 ## - TITLE STATEMENT
Title Unorganised manufacturing enterprises in INDIA: Significance, heterogeneity, performance, and constraints
260 ## - PUBLICATION, DISTRIBUTION, ETC. (IMPRINT)
Place of publication, distribution, etc Economic & Political Weekly
300 ## - PHYSICAL DESCRIPTION
Extent 61(16), Apr 18, 2026: p.53-64
520 ## - SUMMARY, ETC.
Summary, etc The characteristics and performance of the unorganised manufacturing enterprises in India are examined using nationally representative unit-level data for 2010–11, 2015–16, and 2023–24. The constraints that these enterprises face and the implications for their performance are also examined. Falling demand stands out as the most severe constraint, followed by finance-related constraints, while labour, power, and raw material challenges are less prominent overall. Therefore, policy design must recognise the heterogeneity within the sector and the varied constraints faced by different groups of entrepreneurs. –Reproduced

https://www.epw.in/journal/2026/16/indias-industrial-transformation/unorganised-manufacturing-enterprises-india.html
773 ## - HOST ITEM ENTRY
Main entry heading Economic & Political Weekly
942 ## - ADDED ENTRY ELEMENTS (KOHA)
Item type Articles
Holdings
Withdrawn status Lost status Source of classification or shelving scheme Damaged status Not for loan Permanent location Current location Date acquired Serial Enumeration / chronology Barcode Date last seen Koha item type
          Indian Institute of Public Administration Indian Institute of Public Administration 2026-05-05 61(16), Apr 18, 2026: p.53-64 AR138770 2026-05-05 Articles

Powered by Koha